Séries policières françaises - Statistiques

Statistiques générales
  • Ce quiz a été pris 104 fois
  • Le résultat moyen est 6 sur 16
Statistiques - réponses
Par images Réponse % Correct
Julie Lescaut
70%
Section de recherches
67%
Candice Renoir
65%
Alex Hugo
56%
Alice Nevers le juge est une femme
49%
Profilage
49%
Dolmen
43%
L'art du crime
43%
Une femme d'honneur
41%
Mercato
28%
Les invisibles
26%
Zodiaque
26%
La mante
19%
Rivière perdue
16%
La main blanche
12%
Insoupçonnable
7%
Aucun quiz correspondant
Distribution des résultats
% des personnes avec chaque résultat
Percentile par nombre de réponses
Votre historique - résultats
Vous n’avez pas pris ce quiz